| 000 | 00572nam a22001817a 4500 | ||
|---|---|---|---|
| 003 | SISC | ||
| 005 | 20161006150518.0 | ||
| 008 | 161006b xxu||||| |||| 00| 0 eng d | ||
| 020 | _a9781781543986 | ||
| 050 |
_aTJ 217.5 _b.D457 2014 |
||
| 245 |
_aDesign and simulation of intelligent systems and neural networks / _cedited by Edward Penell. |
||
| 260 |
_aUnited Kingdom : _bAuris Reference ltd, _c2014. |
||
| 300 |
_a256 pages : _billustrations ; _c23 cm. |
||
| 500 | _aIncludes index. | ||
| 650 | _aIntelligent system. | ||
| 650 | _aNeural networks. | ||
| 942 |
_2lcc _cBK |
||
| 999 |
_c305154 _d305154 |
||